Fill the Map of South America by Guessing Currencies - Statistics

General Stats
  • This quiz has been taken 179 times
  • The average score is 9 of 12
Answers on the Map
Answers color-coded by a green-red scale on the quiz's map according to % correct below.
 
Answer Stats
Country % Correct
Argentine Peso
99%
Chilean Peso
99%
Colombian Peso
99%
Uruguayan Peso
99%
United States Dollar
83%
Guyanese Dollar
82%
Surinamese Dollar
82%
Brazilian Real
77%
Venezuelan Bolívar
72%
Peruvian Sol
50%
Bolivian Boliviano
48%
Paraguayan Guarani
47%
No matching quizzes found
Score Distribution
Percent of People with Each Score
Percentile by Number Answered
Your Score History
You have not taken this quiz